[Event "TORNEIO XEA-IX-E-1-2-R7-J1"]
[Site "http://www.queenalice.com/game.php?id=1192141"]
[Date "2013.6.18"]
[Round "-"]
[White "Jokerman2011"]
[Black "Sheik3333"]
[Result "0-1"]
[WhiteElo "1062"]
[BlackElo "1805"]

1. e4 e5 2. c3 Nf6 3. f3 d6 4. Na3 d5 5. exd5 Nxd5 6. Bb5+ c6 7. Ba4 Bxa3 8.
bxa3 O-O 9. Bc2 Qg5 10. Kf1 Nf4 11. h4 Qxg2+ 12. Ke1 Qxh1 13. Kf1 Qg2+ 14. Ke1
Qxg1# 0-1

[Event "IX-E-1-2-R12-J2-TORNEIO DO XEA"]
[Site "http://www.queenalice.com/game.php?id=1192142"]
[Date "2013.6.18"]
[Round "-"]
[White "black13"]
[Black "Jokerman2011"]
[Result "1-0"]
[WhiteElo "1826"]
[BlackElo "1062"]

1. e4 e6 2. d4 b6 3. c4 g6 4. Nf3 Nf6 5. Bg5 Bb4+ 6. Nc3 h6 7. Bh4 g5 8. Bg3 a6
9. Be5 d6 10. Bxf6 Qxf6 11. Qa4+ Nd7 12. Qxb4 a5 13. Qa4 e5 14. dxe5 dxe5 15.
Nd5 Qd6 16. Rd1 Rb8 17. Be2 c6 18. Nxb6 Nxb6 19. Rxd6 Nxa4 20. b3 Nb2 21. Rxc6
Bb7 22. Rb6 g4 23. Nxe5 f6 24. Nxg4 Rf8 25. Nxf6+ Rxf6 26. Rxf6 Bxe4 27. Re6+
Kf8 28. Rxe4 Rd8 29. O-O Rd2 30. Re3 Nxc4 31. Bxc4 Rxa2 32. Rfe1 Kg7 33. Re5 a4
34. Ra5 Rc2 35. Rxa4 h5 36. h3 Kf6 37. Ra5 Rxc4 38. bxc4 h4 39. Rd5 Kg6 40. Re6+
Kg7 41. Rd7+ Kg8 42. Re8# 1-0

[Event "TORNEIO-IX-E-1-2-R14-J1"]
[Site "http://www.queenalice.com/game.php?id=1199088"]
[Date "2013.7.12"]
[Round "-"]
[White "Sheik3333"]
[Black "Jokerman2011"]
[Result "1-0"]
[WhiteElo "1774"]
[BlackElo "1062"]

1. e4 e6 2. d4 a6 3. Nf3 g6 4. Be2 Bb4+ 5. c3 Ba5 6. Na3 b6 7. b4 Nc6 8. bxa5
Nxa5 9. Bd2 Nf6 10. e5 Nh5 11. Ng1 Bb7 12. Nf3 d6 13. c4 dxe5 14. Bxa5 bxa5 15.
Qa4+ Kf8 16. dxe5 Nf4 17. Bf1 Nd3+ 18. Ke2 Nf4+ 19. Ke3 g5 20. Rd1 Qe7 21. Nc2
Qc5+ 22. Nfd4 Qb6 23. Rg1 c5 24. Ne2 Nh5 25. Qb3 Qc7 26. Qb2 Ke7 27. Rb1 f6 28.
Qxb7 Ra7 29. exf6+ Nxf6 30. Qxc7+ Rxc7 31. h3 Rd7 32. Nc3 g4 33. h4 Rg8 34. g3
Ne8 35. Ne4 Rc7 36. Rb6 Ra7 37. Nxc5 Rc7 38. Nxa6 1-0

[Event "IX-E-2-B-R1-J1"]
[Site "http://www.queenalice.com/game.php?id=1237620"]
[Date "2013.12.4"]
[Round "-"]
[White "Jokerman2011"]
[Black "Wenderson"]
[Result "0-1"]
[WhiteElo "1089"]
[BlackElo "1835"]

1. e4 e5 2. g3 Nf6 3. d3 Bc5 4. Na3 d6 5. b3 Ng4 6. h3 Nxf2 7. Qe2 Nxh1 8. Qf3
Bxg1 9. Qxh1 Bd4 10. h4 Bxa1 11. Bg5 f6 12. Be3 Bc3+ 13. Ke2 Bg4+ 14. Kf2 Nc6
15. Nb1 Bd4 16. c3 Bxe3+ 17. Kxe3 O-O 18. Kd2 f5 19. exf5 Rxf5 20. Ke1 Qf6 21.
Bg2 Rf2 22. Bd5+ Kh8 23. Nd2 Re2+ 24. Kd1 Rh2+ 25. Bf3 Rxh1+ 26. Ke2 Rh2+ 27.
Ke3 Qh6+ 28. Ke4 Rxd2 29. Bxg4 Ne7 30. Kf3 Rf8+ 31. Ke4 d5+ 32. Kxe5 Qf6# 0-1

[Event "VI Copa XEA"]
[Site "http://www.queenalice.com/game.php?id=1242356"]
[Date "2013.12.24"]
[Round "1"]
[White "Jokerman2011"]
[Black "black13"]
[Result "0-1"]
[WhiteElo "1089"]
[BlackElo "1827"]

1. e4 e5 2. b3 d6 3. Bb5+ c6 4. Ba4 b5 5. Bxb5 cxb5 6. Nc3 Nf6 7. Nxb5 Nxe4 8.
Nh3 Bxh3 9. gxh3 Nxf2 10. Kxf2 Qb6+ 11. Ke1 Qxb5 12. d3 Qd5 13. Rg1 Qd4 14. Kd2
Qxa1 15. Rg4 Qxa2 16. Rc4 Nd7 17. Ke3 Be7 18. Kf3 Qa6 19. Rg4 g6 20. c3 Qc6+ 21.
Ke2 Qxc3 22. Bd2 Qc5 23. b4 Qb6 24. Qc1 O-O 25. h4 Nf6 26. Rc4 Qb7 27. d4 Qg2+
28. Kd3 Qe4+ 29. Kc3 exd4+ 30. Rxd4 Rfc8+ 0-1

[Event "oentusiasta"]
[Site "http://www.queenalice.com/game.php?id=1243784"]
[Date "2013.12.30"]
[Round "-"]
[White "Jokerman2011"]
[Black "Ihlleandiz"]
[Result "0-1"]
[WhiteElo "1089"]
[BlackElo "2056"]

1. e4 e5 2. b3 d6 3. g3 Nf6 4. Nc3 Be7 5. Bb5+ c6 6. Bc4 d5 7. Be2 d4 8. Na4
Nxe4 9. f3 Nd6 10. Nh3 Bxh3 11. Nc5 Qb6 12. Ba3 Nf5 13. Bd3 Bxc5 14. Bb2 Nd7 15.
Rg1 O-O-O 16. g4 Nh4 17. Be2 d3 18. Bxd3 Bxg1 19. Ke2 Qf2# 0-1

[Event "Challenge"]
[Site "http://www.queenalice.com/game.php?id=1258449"]
[Date "2014.2.20"]
[Round "-"]
[White "Jokerman2011"]
[Black "Wenderson"]
[Result "0-1"]
[WhiteElo "1089"]
[BlackElo "1968"]

1. e4 e5 2. b3 g6 3. g3 Nc6 4. Nh3 Bg7 5. Na3 Nf6 6. f3 d6 7. b4 Nxb4 8. Bb5+ c6
9. Ba4 Bxh3 10. c3 Nd3+ 11. Ke2 Nxc1+ 12. Qxc1 O-O 13. g4 Bh6 14. Rg1 Bf4 15.
Rh1 h5 16. gxh5 Nxh5 17. Rb1 Rb8 18. Nc4 b5 19. Bb3 bxc4 20. Bxc4 d5 21. Bb3 Qg5
22. Kd1 Qg2 23. Re1 Qxf3+ 24. Kc2 dxe4 25. Qa3 Qd3+ 26. Kb2 Qxd2+ 27. Ka1 Qxc3+
28. Qb2 Qxb2+ 29. Kxb2 Be6 30. Rxe4 Bf5 31. Rc4 Bxb1 32. Rxc6 Bf5 33. Ka3 Rfc8
34. Rd6 Rb6 35. Rd1 e4 36. h3 Bc1+ 37. Rxc1 Rxc1 38. Ka4 Bd7+ 39. Ka5 Rc5# 0-1

[Event "IX-E-2-B-R8-J1"]
[Site "http://www.queenalice.com/game.php?id=1271164"]
[Date "2014.4.7"]
[Round "-"]
[White "Wenderson"]
[Black "Jokerman2011"]
[Result "1-0"]
[WhiteElo "1887"]
[BlackElo "1089"]

1. e4 e5 2. Nf3 g6 3. Nxe5 d6 4. Nf3 Nd7 5. d4 Ngf6 6. Nc3 b6 7. Bb5 a6 8. Bc6
Rb8 9. Bg5 Be7 10. O-O h6 11. Bxf6 1-0

[Event "X-E-1-1-R3-J3"]
[Site "http://www.queenalice.com/game.php?id=1333539"]
[Date "2015.1.7"]
[Round "-"]
[White "Jokerman2011"]
[Black "marreta7"]
[Result "0-1"]
[WhiteElo "1104"]
[BlackElo "1636"]

1. e4 e5 2. Nc3 a6 3. h3 Bc5 4. d3 h6 5. b3 Bb4 6. Bd2 d6 7. a3 Bxc3 8. Bxc3 Nf6
9. Be2 Nc6 10. Nf3 Be6 11. Nh4 Nxe4 12. dxe4 Qxh4 13. g3 Qxe4 14. f3 Qg6 15. Rg1
Bxh3 16. Bd3 Qg5 17. b4 Qe3+ 18. Qe2 Qxg1+ 19. Kd2 Qxg3 20. Rb1 Qg5+ 21. Kd1 O-O
22. Be4 Qg1+ 23. Qe1 Qxe1+ 24. Kxe1 g5 25. Rd1 Kh8 26. Rd2 f5 27. Bd5 g4 28.
fxg4 fxg4 29. Rh2 Rf6 30. Be4 Rb8 31. a4 Nd4 32. Bb2 Nf3+ 33. Bxf3 Rxf3 0-1

[Event "X-E-1-1-R1-J4"]
[Site "http://www.queenalice.com/game.php?id=1333875"]
[Date "2015.1.9"]
[Round "-"]
[White "Jokerman2011"]
[Black "fflores"]
[Result "0-1"]
[WhiteElo "1102"]
[BlackElo "1706"]

1. e4 e5 2. b3 Nf6 3. Nh3 Nxe4 4. d3 Bb4+ 5. Ke2 Nc3+ 6. Nxc3 Bxc3 7. Rb1 O-O 8.
Ng5 Nc6 9. Ba3 Nd4+ 10. Ke3 Nf5+ 11. Kf3 Qxg5 12. g4 Nd4+ 13. Kg3 d6 14. Bc1 Qg6
15. b4 f5 16. Be2 Nxe2+ 17. Qxe2 Qxg4+ 18. Qxg4 fxg4 19. Rb3 Bd4 20. c3 Bxf2+
21. Kg2 Bh4 22. c4 Rf2+ 23. Kg1 Rxa2 24. b5 Bf2+ 25. Kf1 b6 26. h4 Bb7 27. Rh2
Ra1 28. Kxf2 Rxc1 29. d4 Rc2+ 30. Kg1 Rxh2 31. Kxh2 exd4 32. Rg3 h5 33. Rf3 gxf3
34. Kg3 d3 0-1